<?xml version="1.0" encoding="UTF-8"?><?xml-stylesheet type="text/xsl" href="static/style.xsl"?><OAI-PMH xmlns="http://www.openarchives.org/OAI/2.0/" xmlns:xsi="http://www.w3.org/2001/XMLSchema-instance" xsi:schemaLocation="http://www.openarchives.org/OAI/2.0/ http://www.openarchives.org/OAI/2.0/OAI-PMH.xsd"><responseDate>2026-04-14T19:33:16Z</responseDate><request verb="GetRecord" identifier="oai:uvadoc.uva.es:10324/65741" metadataPrefix="marc">https://uvadoc.uva.es/oai/request</request><GetRecord><record><header><identifier>oai:uvadoc.uva.es:10324/65741</identifier><datestamp>2025-03-07T12:37:27Z</datestamp><setSpec>com_10324_1131</setSpec><setSpec>com_10324_931</setSpec><setSpec>com_10324_894</setSpec><setSpec>col_10324_1201</setSpec></header><metadata><record xmlns="http://www.loc.gov/MARC21/slim" xmlns:doc="http://www.lyncode.com/xoai" xmlns:xsi="http://www.w3.org/2001/XMLSchema-instance" xmlns:dcterms="http://purl.org/dc/terms/" xsi:schemaLocation="http://www.loc.gov/MARC21/slim http://www.loc.gov/standards/marcxml/schema/MARC21slim.xsd">
<leader>00925njm 22002777a 4500</leader>
<datafield tag="042" ind1=" " ind2=" ">
<subfield code="a">dc</subfield>
</datafield>
<datafield tag="720" ind1=" " ind2=" ">
<subfield code="a">Rodríguez Lázaro, David</subfield>
<subfield code="e">author</subfield>
</datafield>
<datafield tag="720" ind1=" " ind2=" ">
<subfield code="a">Cook, Nigel</subfield>
<subfield code="e">author</subfield>
</datafield>
<datafield tag="720" ind1=" " ind2=" ">
<subfield code="a">Ruggeri, Franco M.</subfield>
<subfield code="e">author</subfield>
</datafield>
<datafield tag="720" ind1=" " ind2=" ">
<subfield code="a">Sellwood, Jane</subfield>
<subfield code="e">author</subfield>
</datafield>
<datafield tag="720" ind1=" " ind2=" ">
<subfield code="a">Nasser, Abid</subfield>
<subfield code="e">author</subfield>
</datafield>
<datafield tag="720" ind1=" " ind2=" ">
<subfield code="a">Nascimento, Maria São José</subfield>
<subfield code="e">author</subfield>
</datafield>
<datafield tag="720" ind1=" " ind2=" ">
<subfield code="a">D'Agostino, Martin</subfield>
<subfield code="e">author</subfield>
</datafield>
<datafield tag="720" ind1=" " ind2=" ">
<subfield code="a">Santos, Ricardo</subfield>
<subfield code="e">author</subfield>
</datafield>
<datafield tag="720" ind1=" " ind2=" ">
<subfield code="a">Saiz, Juan Carlos</subfield>
<subfield code="e">author</subfield>
</datafield>
<datafield tag="720" ind1=" " ind2=" ">
<subfield code="a">Rzeżutka, Artur</subfield>
<subfield code="e">author</subfield>
</datafield>
<datafield tag="720" ind1=" " ind2=" ">
<subfield code="a">Bosch, Albert</subfield>
<subfield code="e">author</subfield>
</datafield>
<datafield tag="720" ind1=" " ind2=" ">
<subfield code="a">Gironés, Rosina</subfield>
<subfield code="e">author</subfield>
</datafield>
<datafield tag="720" ind1=" " ind2=" ">
<subfield code="a">Carducci, Annalaura</subfield>
<subfield code="e">author</subfield>
</datafield>
<datafield tag="720" ind1=" " ind2=" ">
<subfield code="a">Muscillo, Michelle</subfield>
<subfield code="e">author</subfield>
</datafield>
<datafield tag="720" ind1=" " ind2=" ">
<subfield code="a">Kovač, Katarina</subfield>
<subfield code="e">author</subfield>
</datafield>
<datafield tag="720" ind1=" " ind2=" ">
<subfield code="a">Diez-Valcarce, Marta</subfield>
<subfield code="e">author</subfield>
</datafield>
<datafield tag="720" ind1=" " ind2=" ">
<subfield code="a">Vantarakis, Apostolos</subfield>
<subfield code="e">author</subfield>
</datafield>
<datafield tag="720" ind1=" " ind2=" ">
<subfield code="a">von Bonsdorff, Carl-Henrik</subfield>
<subfield code="e">author</subfield>
</datafield>
<datafield tag="720" ind1=" " ind2=" ">
<subfield code="a">de Roda Husman, Ana Maria</subfield>
<subfield code="e">author</subfield>
</datafield>
<datafield tag="720" ind1=" " ind2=" ">
<subfield code="a">Hernández Pérez, Marta</subfield>
<subfield code="e">author</subfield>
</datafield>
<datafield tag="720" ind1=" " ind2=" ">
<subfield code="a">van der Poel, Wim H. M.</subfield>
<subfield code="e">author</subfield>
</datafield>
<datafield tag="260" ind1=" " ind2=" ">
<subfield code="c">2012</subfield>
</datafield>
<datafield tag="520" ind1=" " ind2=" ">
<subfield code="a">El trabajo recoge la capacidad de numerosos virus de origen humano o animal pueden propagarse en el medioambiente e infectar a las personas a través de agua y alimentos, principalmente a través de la ingestión y en alguna ocasión a través del contacto con la piel. Estos virus son liberados en el medio ambiente por diversas vías incluyendo escorrentías y aerosoles de agua. Además, los virus zoonóticos pueden infectar a los seres humanos expuestos a las aguas superficiales contaminadas. Los productos alimenticios de origen animal pueden ser contaminados, y su consumo puede causar infección humana si el virus no se inactiva durante el procesamiento de alimentos. Es necesaria la epidemiología molecular y vigilancia de las muestras ambientales para definirlos riesgos de salud pública asociados con la exposición medio ambiental a virus. Considerando que la monitorización de los ácidos nucleicos virales por métodos de PCR es relativamente sencillo y bien documentado, la detección de partículas virales infecciosas es técnicamente más exigente y no siempre es posible (por ejemplo, el virus de la hepatitis E o los norovirus humanos). Los virus patógenos humanos que son más relevantes en este contexto son virus sin envoltura y pertenecen a las familias Caliciviridae, Adenoviridae,Hepeviridae, Picornaviridae y Reoviridae. En este trabajo se revisan los métodos de muestreo y sus estrategias, los métodos de detección de primera elección y los criterios de evaluación.</subfield>
</datafield>
<datafield tag="024" ind2=" " ind1="8">
<subfield code="a">Rodríguez-Lázaro D, Cook N, Ruggeri FM, Sellwood J, Nasser A, Nascimento MS, D'Agostino M, Santos R, Saiz JC, Rzeżutka A, Bosch A, Gironés R, Carducci A, Muscillo M, Kovač K, Diez-Valcarce M, Vantarakis A, von Bonsdorff CH, de Roda Husman AM, Hernández M, van der Poel WH. Virus hazards from food, water and other contaminated environments. FEMS Microbiol Rev. 2012 Jul;36(4):786-814. doi: 10.1111/j.1574-6976.2011.00306.x. Epub 2011 Oct 24. PMID: 22091646; PMCID: PMC7114518.</subfield>
</datafield>
<datafield tag="024" ind2=" " ind1="8">
<subfield code="a">https://uvadoc.uva.es/handle/10324/65741</subfield>
</datafield>
<datafield tag="024" ind2=" " ind1="8">
<subfield code="a">10.1111/j.1574-6976.2011.00306.x</subfield>
</datafield>
<datafield tag="024" ind2=" " ind1="8">
<subfield code="a">786</subfield>
</datafield>
<datafield tag="024" ind2=" " ind1="8">
<subfield code="a">4</subfield>
</datafield>
<datafield tag="024" ind2=" " ind1="8">
<subfield code="a">814</subfield>
</datafield>
<datafield tag="024" ind2=" " ind1="8">
<subfield code="a">FEMS Microbiology Reviews</subfield>
</datafield>
<datafield tag="024" ind2=" " ind1="8">
<subfield code="a">36</subfield>
</datafield>
<datafield tag="024" ind2=" " ind1="8">
<subfield code="a">1574-6976</subfield>
</datafield>
<datafield tag="245" ind1="0" ind2="0">
<subfield code="a">Virus hazards from food, water and other contaminated environments</subfield>
</datafield>
</record></metadata></record></GetRecord></OAI-PMH>